00395nam a2200133Ia 45000010005000000080041000050200022000460820020000681000025000882450081001132600025001949010027002199990015002464198241024s9999 xx 000 0 und d a978-9945-08-238-8 aRD/868.5/ST839a aHerbert Stern Díaz 0aApuntes y documentos para la historia de la medicina dominicana del siglo 20 bEditora Búhoc2015 a19/8/2016 2:29:12 p.m. c7692d7692